书目信息 |
| 题名: |
网吧经营管理人员
|
|
| 作者: | ;文化部 , 文化部 组织编写 | |
| 分册: | ||
| 出版信息: | 北京 中国商务出版社 2012 |
|
| 页数: | 133页 | |
| 开本: | 26cm | |
| 丛书名: | ||
| 单 册: | ||
| 中图分类: | F719.5 | |
| 科图分类: | ||
| 主题词: | 计算机网络--服务业--商业经营--岗位培训--教材 , 计算机网络--服务业--商业管理--岗位培训--教材 , 计算机网络 , 服务业 , 商业经营 , 商业管理 | |
| 电子资源: | ||
| ISBN: | 978-7-5103-0765-2 | |
| 000 | 01085nam0 2200301 450 | |
| 001 | 2361817212 | |
| 005 | 20231217171046.72 | |
| 010 | @a978-7-5103-0765-2@d20.00CNY | |
| 100 | @a20130118d2012 em y0chiy0120 ea | |
| 101 | 0 | @achi |
| 102 | @aCN@b110000 | |
| 105 | @ay z 000yy | |
| 200 | 1 | @a网吧经营管理人员@Awang ba jing ying guan li ren yuan@b专著@f文化部文化艺术人才中心,文化部职业技能鉴定指导中心组织编写 |
| 210 | @a北京@c中国商务出版社@d2012 | |
| 215 | @a133页@d26cm | |
| 300 | @a文化行业岗位培训专用教材 | |
| 330 | @a本教材分为网吧经营管理人员职业道德、网吧行业概述、网吧管理学概述、网吧经营、网吧技术、网吧团队建设、法律法规共七个章节。 | |
| 606 | 0 | @a计算机网络@x服务业@x商业经营@x岗位培训@j教材 |
| 606 | 0 | @a计算机网络@x服务业@x商业管理@x岗位培训@j教材 |
| 606 | 0 | @a计算机网络 |
| 606 | 0 | @a服务业 |
| 606 | 0 | @a商业经营 |
| 606 | 0 | @a商业管理 |
| 690 | @aF719.5@v5 | |
| 711 | 02 | @a文化部@Awen hua bu@b文化艺术人才中心@4组织编写 |
| 711 | 02 | @a文化部@Awen hua bu@b职业技能鉴定指导中心@4组织编写 |
| 801 | 2 | @aCN@b辽宁北配@c20231205 |
| 905 | @aBZT@dF719.5@e5 | |
| 网吧经营管理人员/文化部文化艺术人才中心,文化部职业技能鉴定指导中心组织编写.-北京:中国商务出版社,2012 |
| 133页;26cm |
| 文化行业岗位培训专用教材 |
| ISBN 978-7-5103-0765-2:20.00CNY |
| 本教材分为网吧经营管理人员职业道德、网吧行业概述、网吧管理学概述、网吧经营、网吧技术、网吧团队建设、法律法规共七个章节。 |
| ● |
| 相关链接 |
|
|
|
正题名:网吧经营管理人员
索取号:F719.5/5
 
预约/预借
| 序号 | 登录号 | 条形码 | 馆藏地/架位号 | 状态 | 备注 |
| 1 | 2001611769 | 2001611769 | 辽三/辽宁北配(第三批)/2400/ [索取号:F719.5/5] | 在馆 | |
| 2 | 2001611770 | 2001611770 | 辽三/辽宁北配(第三批)/2400/ [索取号:F719.5/5] | 在馆 | |
| 3 | 2001611771 | 2001611771 | 辽三/辽宁北配(第三批)/2400/ [索取号:F719.5/5] | 在馆 | |
| 4 | 2001611772 | 2001611772 | 辽三/辽宁北配(第三批)/2400/ [索取号:F719.5/5] | 在馆 | |
| 5 | 2001611773 | 2001611773 | 辽三/辽宁北配(第三批)/2400/ [索取号:F719.5/5] | 在馆 | |
| 6 | 2001611774 | 2001611774 | 辽三/辽宁北配(第三批)/2400/ [索取号:F719.5/5] | 在馆 | |
| 7 | 2001611775 | 2001611775 | 辽三/辽宁北配(第三批)/2400/ [索取号:F719.5/5] | 在馆 | |
| 8 | 2001611776 | 2001611776 | 辽三/辽宁北配(第三批)/2400/ [索取号:F719.5/5] | 在馆 | |
| 9 | 2001611777 | 2001611777 | 辽三/辽宁北配(第三批)/2400/ [索取号:F719.5/5] | 在馆 | |
| 10 | 2001611778 | 2001611778 | 辽三/辽宁北配(第三批)/2400/ [索取号:F719.5/5] | 在馆 | |
| 11 | 2001611779 | 2001611779 | 辽三/辽宁北配(第三批)/2400/ [索取号:F719.5/5] | 在馆 | |
| 12 | 2001611780 | 2001611780 | 辽三/辽宁北配(第三批)/2400/ [索取号:F719.5/5] | 在馆 | |
| 13 | 2001611781 | 2001611781 | 辽三/辽宁北配(第三批)/2400/ [索取号:F719.5/5] | 在馆 | |
| 14 | 2001611782 | 2001611782 | 辽三/辽宁北配(第三批)/2400/ [索取号:F719.5/5] | 在馆 | |
| 15 | 2001611783 | 2001611783 | 辽三/辽宁北配(第三批)/2400/ [索取号:F719.5/5] | 在馆 | |
| 16 | 2001611784 | 2001611784 | 辽三/辽宁北配(第三批)/2400/ [索取号:F719.5/5] | 在馆 | |
| 17 | 2001611785 | 2001611785 | 辽三/辽宁北配(第三批)/2400/ [索取号:F719.5/5] | 在馆 | |
| 18 | 2001611786 | 2001611786 | 辽三/辽宁北配(第三批)/2400/ [索取号:F719.5/5] | 在馆 | |
| 19 | 2001611787 | 2001611787 | 辽三/辽宁北配(第三批)/2400/ [索取号:F719.5/5] | 在馆 | |
| 20 | 2001611788 | 2001611788 | 辽三/辽宁北配(第三批)/2400/ [索取号:F719.5/5] | 在馆 |